00851nam a2200241 a 450000100060000000300080000600500170001400800410003103500190007204000260009104100080011708200260012510000580015124500470020926000490025630000300030550400360033565000280037174000200039994200120041999900170043195201610044873039BD-RjUL20211209082337.0170527r19601959enka b 001 0 eng d a(BD-RjUL)73257 aDLCcFMdBD-RjULbeng aeng a599.935223bPEO 19601 aPenrose, L. S.q(Lionel Sharples),d1898-1972921603510aOutline of human genetics /cL. S. Penrose aLondon :bHeinemann,cc1959 [reprinted 1960] a146 p. :b ill. ;c20 cm. aIncludes bibliography and index 0aHuman genetics 92160360 aHuman genetics. 2ddccBK c73039d73039 00102ddc40718NFICaRUCLbRUCLcReadingd1968-01-15eM. Aftab hossain in Zoology, RUg6.50l0o599.935 PEO 1960r2017-05-27 00:00:00tC-1w2017-05-27yBK